00371nam a2200121Ia 4500008004100000020001500041245003300056250001400089260003900103260006800142260001000210300002900220191206s9999 xx 000 0 und d a9.7873E+12 2aA glossary of literary terms aDi 1 ban. aBeijing shi fan da xue chu ban she bShandong Sheng she hui ke xue gui hua yan jiu xiang mu wen cong cc2011 a"2, 21, 519 p. ; 25 cm."